000 02973cam a2200313 i 4500
003 DO-SdBNP
005 20231019142437.0
007 ta
008 751003s2016 sp 000 0 spa d
020 _a9788484282198
040 _aDO-SdBNP
_bspa
_cBNPHU
_erda
082 4 _a891.73
_bC515
_222
100 _aChéjov, Antón P.
_d1860-1904
_949091
245 1 0 _aCuentos /
_cAntón Chéjov ; selección y traducción Víctor Gallego Ballestero
250 _a8va. edición
264 1 _aMadrid, España :
_bAlba editorial,
_c2016.
300 _a766 páginas
_c23 cm.
336 _2rdacontent
_atexto
_btxt
337 _2rdamedia
_asin mediación
_bn
338 _2rdacarrier
_avolumen
_bnc
490 0 _aAlba Maior ;
_aClásicos Maior
_v21
500 _aIncluye datos biográficos del autor en la solapa de la cubierta
505 0 _tUnas palabras sobre la presente selección --
_tEn la barbería (1883) --
_tLa muerte de un funcionario (1883) --
_tLa hija de Albión (1883) --
_tLa cerilla sueca (1884) --
_tCirugía (1884) --
_tEl camaleón (1883) --
_tDe mal en peor (1884) --
_tLas ostras (1884) --
_tDe mal humor (1884) --
_tLos nervios (1885) --
_tLos simuladores (1885) --
_tApellido de caballo (1885) --
_tEl cazador (1885) --
_tEl malhechor (1885) --
_t¡Qué público! (1885) --
_tTristeza (1886) --
_tAniuta (1886) --
_tIván Matveich (1886) --
_tLa bruja (1886) --
_tAgafia (1886) --
_tPesadilla (1886) --
_tLa noche de Pascua (1886) --
_tLa corista (1886) --
_tPor casualidad (1886) --
_tPequeñeces de la vida (1886) --
_tVanka (1886) --
_tLa helada (1887) --
_tEnemigos (1887) --
_tVérochka (1887) --
_tTifus (1887) --
_tEl juez de instrucción (1887) --
_tVolodia (1887) --
_tUn trotamundos (Bosquejo de un viaje) (1887) --
_tEl caramillo (1887) --
_tEl beso (1887) --
_tRelato de la señorita N. N. (1887) --
_tGanas de dormir (1888) --
_tLuces (1888) --
_tEl zapatero y el diablo (1888) --
_tLa apuesta (1889) --
_tLa apuesta (1889) --
_tLa procesa (1889) --
_tGúsiev (1890) --
_tCampesinas (1891) --
_tLa cigarra (1892) --
_tEn deportación (1892) --
_tVecinos (1892) --
_tTerror (relato de un amigo) (1892) --
_tTerror (relato de un amigo) (1892) --
_tEl monje negro (1894) --
_tEl violín de Rothschild (1894) --
_tEl estudiante (1894) --
_tAriadna (1895) --
_tCasa con desván (relato de un pintor) (1896) --
_tEn el carro (1897) --
_tEl hombre enfundado (1898) --
_tLas grosellas (1898) --
_tDel amor (1898) --
_tUna visita médica (1898) --
_tLa nueva dacha (1899) --
_tLa dama del perrito (1899) --
_tEn fiestas (1900) --
_tEl obispo (1902) --
520 _aEste volumen reúne sesenta cuentos de Chéjov cuidadosamente seleccionados y traducidos por Víctor Gallego con la intención de que el lector español disponga de una antología extensa y representativa de la narrativa breve del gran escritor ruso.
590 _aInventariado, 2023/ YL
700 1 _aGallego Ballestero, Víctor
_eselección y traducción
_984436
910 _aYlockward. Validado. Control de calidad MFF
942 _2ddc
_cLBS1
999 _c55161
_d55161